Economic cooperation development trough official development assistance of the Slovak Republic (Kenya example)

Gespeichert in:
Bibliographische Detailangaben
1. Verfasser: Lindtnerová, Klaudia
Format: Buchkapitel
Sprache:Englisch
Schlagworte:
Tags: Tag hinzufügen
Keine Tags, Fügen Sie das erste Tag hinzu!

MARC

LEADER 00000naa$a2200000$$$4500
001 0168296
005 20240502083411.3
041 0 |a eng 
044 |a UA 
245 1 0 |a Economic cooperation development trough official development assistance of the Slovak Republic (Kenya example)  |c Klaudia Lindtnerová 
610 2 0 |a pomoc rozvojová 
610 2 0 |a pomoc medzinárodná 
610 2 0 |a rozvoj hospodársky 
610 2 0 |a spolupráca medzinárodná 
610 2 0 |a Keňa 
610 2 0 |a Slovensko 
100 1 |a Lindtnerová, Klaudia